[Event "DEN-ch sf8"]
[Site "Svendborg"]
[Date "2024.03.29"]
[Round "4"]
[White "Pedersen, Kim1"]
[Black "Vergara, Adam"]
[Result "1/2-1/2"]
[WhiteElo "1835"]
[BlackElo "1711"]
[PlyCount "95"]
[EventDate "2024.03.29"]
[EventType "swiss"]
[EventRounds "7"]
[EventCountry "DEN"]
[SourceTitle "CB16_2024"]
[SourceDate "2024.04.17"]
[SourceVersion "1"]
[SourceVersionDate "2024.04.17"]
[SourceQuality "1"]

1. d4 Nf6 2. c4 e6 3. Nf3 b6 4. Bg5 Bb7 5. e3 h6 6. Bxf6 Qxf6 7. Be2 c5 8. Nc3 cxd4 9. exd4 Bb4 10. 0-0 0-0 11. Rc1 Rd8 12. Nb5 Na6 13. a3 Bf8 14. b4 d5 15. c5 bxc5 16. bxc5 Bc6 17. a4 Nb4 18. Qb3 a5 19. Ne5 Rdb8 20. Qg3 Qg5 21. Qxg5 hxg5 22. f4 Be7 23. Rc3 gxf4 24. Rxf4 Bf6 25. Rcf3 Bxe5 26. dxe5 d4 27. Rh3 d3 28. Rfh4 Kf8 29. Bxd3 Nxd3 30. Rxd3 Ke7 31. Rhd4 Bxb5 32. axb5 Rxb5 33. Rd7+ Ke8 34. c6 Rd5 35. R7xd5 exd5 36. Rxd5 Rc8 37. Rxa5 Rxc6 38. Kf2 Ke7 39. h3 Ke6 40. g4 Rc3 41. h4 Rd3 42. Rb5 Rd5 43. Rxd5 Kxd5 44. Kf3 Kxe5 45. h5 f5 46. g5 f4 47. h6 gxh6 48. gxh6 1/2-1/2